| 000 | 00487nam a2200145 a 4500 | ||
|---|---|---|---|
| 001 | 000039243 | ||
| 005 | 20201002031547.0 | ||
| 008 | 130617s1999 dr a 000 0 spa d | ||
| 040 |
_aDO-SdBNP _bspa _cBNPHU |
||
| 100 | 1 |
_aRamírez Fernández, P. José _965451 |
|
| 245 | 1 | 0 |
_aY Dios.... se hizo navidad : _bnavidad 1999 / _cP. José Ramírez Fernández. |
| 260 |
_aSanto Domingo : _bPastoral Juvenil Salesiana, _c1999. |
||
| 300 |
_a65 p. : _bils. ; _c22 cm. |
||
| 504 | _aBibliografía : p. 64 | ||
| 999 |
_c38733 _d38733 |
||